000 00497nam a22001937a 4500
003 NUST - PNEC
005 20170116180820.0
008 150615b xxu||||| |||| 00| 0 eng d
020 _a-
040 _cLIBRARY
082 _a510 BIN
100 _94006
_aBindra, J.S.
245 _aA text book of applied mathematics-II
_cJ.S. Bindra
250 _a-
260 _aDelhi
_bS.K. Kataria & Sons
_cc1998.
300 _aVarious Pages
650 _94010
_aMathematics
_xGeneral, ME
942 _2ddc
_cBK
999 _c63682
_d63682